000 00540nam a22002297a 4500
003 UA-OsUOA
001 87137
007 ta
008 20120914b un ||||| |||| 00| 0 ukr d
100 _aОсновин В.
090 _a82.09
_bО - 75
942 _cBK
040 _aUA-OsUOA
_brus
_cUA-OsUOA
_dUA-OsUOA
245 _aДраматургия Л.Н. Толстого
300 _a174 с.
955 _a3
041 _arus
080 _a82.09
260 _aМ.
_bВысшая школа
_c1982
650 7 _2UDC
999 _c373428
_d373428